000 00790nas a2200265 4500
001 BR9510546
003 BR-BrBNA
005 20231205095548.0
007 ta
008 230509b bl.|||p| |||| 00| 00por d
040 _aBR-BrBNA
_bpor
_cBiblioteca Nacional de Agricultura
041 _a(Pt)
072 _aH20; U10
100 1 _aSgrillo, R.B.
100 1 _aAraujo, K.R.P. de
245 1 _aModelo de simulacao da evolucao da vassoura-de-bruxa do cacaueiro na Bahia
650 _aCacau
650 _aVassoura-de-Bruxa
650 _aModelo Matematico
650 _aBahia
773 0 _tAgrotropica (Brazil)
_xISSN 0103-3816
_g(Sep-Dec 1994), v. 6(3) p. 73-84
_wBR9510546
856 4 0 _dLink DSPACE/MAPA BR9510546
909 _a202311
_bLúcia
_c55
_dLúcia Elande
942 _2AGRIS
_n0
_cANA
999 _c151369
_d151369